000 01962nam a2200277 a 4500
001 1950480
003 AM-YEHGA
005 20250617164850.0
008 240426s2024 ai d||||||||||||||0|arm|d
020 _a9789939792040
040 _aAM-YeHGA
041 0 _aarm
100 1 _aԵղիազարյան, Լիլիթ Գարսևանի
245 1 0 _aԼեռնամետալուրգիական ձեռնարկության արտադրության պլանավորում և կազմակերպում :
_bՈւսումնական ձեռնարկ /
_cԼ.Գ. Եղիազարյան ; [Խմբագիր՝ Ն.Ա. Խաչատրյան] ; Գրախոսներ՝ Վ.Վ. Մարտիրոսյան, Ս.Ս. Մարտիրոսյան ; ՀՀ կրթության և գիտության մշակույթի և սպորտի նախարարություն, Հայաստանի ազգային պոլիտեխնիկական համալսարան, Կապանի մասնաճյուղ, «Ճյուղային տնտեսագիտություն և կառավարում» ամբիոն.
260 _aԵրևան :
_bՃարտարագետ,
_c2024.
300 _a152 էջ :
_bաղյուսակ ;
_c20 սմ.
504 _aԳրականություն՝ էջ 149-150:
650 1 4 _aՁեռնարկությունների տնտեսագիտություն
_vՈւսումնական ձեռնարկներ
650 1 4 _aԼեռնամետալուրգիական արտադրություն
_xԿազմակերպման հիմնական սկզբունքները
_vՁեռնարկներ
700 1 _aԽաչատրյան, Ն.Ա.
_eխմբագիր
_4edt
700 1 _aՄարտիրոսյան, Վ.Վ.
_eգրախոս
_4rev
700 1 _aՄարտիրոսյան, Ս.Ս.
_eգրախոս
_4rev
710 1 _aՀայաստանի ազգային պոլիտեխնիկական համալսարան :
_bԿապանի մասնաճյուղ,
_b«Ճյուղային տնտեսագիտություն և կառավարում» ամբիոն
942 _2udc
_cBK
090 _c569620
999 _c530882
_d530882